| 000 | 00781nam a2200217 u 4500 | ||
|---|---|---|---|
| 005 | 20230218063615.0 | ||
| 008 | 100616s2008 es r 000 0 spa d | ||
| 020 | _a9788471337733 | ||
| 035 | _aUPN01000176588 | ||
| 049 | _aCG | ||
| 050 | 4 |
_aLC1099 _bQ4.5 |
|
| 100 | 1 | _aQuerol Sanz, José Manuel | |
| 245 | 1 | 3 |
_aLa mirada del otro : _btextos para trabajar la educación intercultural y la diferencia de género / _cJosé Manuel Querol Sanz, Ma. Victoria Reyzábal Rodríguez. |
| 260 |
_aMadrid : _bLa Muralla, _cc2008. |
||
| 300 |
_a394 p. : _bil. |
||
| 440 | 0 | _aAula abierta | |
| 650 | 4 |
_aEducación multicultural _91565 |
|
| 650 | 4 |
_aIgualdad de oportunidades en educación _95002 |
|
| 700 | 1 |
_aReyzábal Rodríguez, María Victoria, _d1944- _ecoaut. _942655 |
|
| 905 | _aLibro | ||
| 999 |
_c148691 _d148691 |
||